Niektoré aspekty vývoja výstav a veľtrhov

Charakteristika a vývoj výstavníctva a veľtržníctva z hľadiska marketingovej komunikácie. Súčasný vývoj na Slovensku. Výstavy a veľtrhy ako multifunkčné médium. Výstavníctvo a región.

Guardado en:
Detalles Bibliográficos
Autor principal: Labská, Helena
Formato: Capítulo de libro
Lenguaje:eslovaco
Materias:
Etiquetas: Agregar Etiqueta
Sin Etiquetas, Sea el primero en etiquetar este registro!

MARC

LEADER 00000naa$a2200000$$$4500
001 0026366
005 20240502071425.5
041 0 |a slo 
044 |a SK 
245 1 0 |a Niektoré aspekty vývoja výstav a veľtrhov  |c Helena Labská 
520 |a Charakteristika a vývoj výstavníctva a veľtržníctva z hľadiska marketingovej komunikácie. Súčasný vývoj na Slovensku. Výstavy a veľtrhy ako multifunkčné médium. Výstavníctvo a región. 
610 2 0 |a výstavy 
610 2 0 |a veľtrhy 
610 2 0 |a marketing 
610 2 0 |a komunikácia 
610 2 0 |a prezentácia firemná 
610 2 0 |a nástroje marketingové 
610 2 0 |a marketing mix 
610 2 0 |a Slovensko 
610 2 0 |a regióny 
100 1 |a Labská, Helena